Balances energéticos de América Latina /

Gespeichert in:
Bibliographische Detailangaben
1. Verfasser: Bolaños, María
Körperschaft: OLADE
Format: Text
Veröffentlicht: Quito: ALADE
Tags: Tag hinzufügen
Keine Tags, Fügen Sie den ersten Tag hinzu!

MARC

LEADER 00000 a a2200000 04500
001 24510
003
040
090 |a 175400  
100 |a Bolaños, María  
110 |a OLADE  
245 |a Balances energéticos de América Latina /  |c María Bolaños 
260 |a Quito:   |b ALADE  
300 |a 381 p   |b **no definido**   |b map.  
999 |c 102  |d 102